LEADER 00859cam2 22002533 450 001 SOBE00038142 005 20131203122647.0 100 $a20131203d2005 |||||ita|0103 ba 101 $aita 102 $aIT 200 0 $a2 210 $aMilano$cMondadori$d2005 215 $a1828 p. ; 18 cm 461 1$1001E600200026724$12001 $a<>Commedia umana / Honoré de Balzac ; scelta e introduzione di Mariolina Bongiovanni Bertini 700 1$aBalzac$b, Honorè de$3A600200027310$4070$0384773 801 0$aIT$bUNISOB$c20131203$gRICA 850 $aUNISOB 852 $aUNISOB$j000|Coll|29|K$m134708 912 $aSOBE00038142 940 $aM 102 Monografia moderna SBN 941 $aW 957 $a000|Coll|29|K$b000269$i-2$gSI$d134708$racquisto$1catenacci$2UNISOB$3UNISOB$420131203122612.0$520131203122635.0$6catenacci 996 $a2$91712713 997 $aUNISOB LEADER 01080nam0 2200265 450 001 000034260 005 20220523134448.0 100 $a20220307d1992----km-y0itay50------ba 101 0 $aita 102 $aIT 105 $ay-------001yy 200 1 $aStrumenti per la qualità dei dati nella statistica economica$ela rilevazione ed il trattamento degli errori non campionari$fDonato Lucev 210 $aNapoli$c[s.l.]$d1992 215 $a136 p.$d24 cm 300 $aIn testa alla copertina: Istituto di Statistica e Matematica. Facoltà di Economia dei Trasporti e del Commercio Internazionale. Istituto Universitario Navale. 410 0$12001 500 10$aStrumenti per la qualità dei dati nella statistica economica$92785082 610 1 $aStatistica economica$aRilevazione dati$aErrori non campionari 676 $a330$v20 700 1$aLucev,$bDonato$089081 801 0$aIT$bUNIPARTHENOPE$gRICA$2UNIMARC 912 $a000034260 951 $aPARTH-LUC/3$b48528$cNAVA1$d2011 996 $aStrumenti per la qualità dei dati nella statistica economica$92785082 997 $aUNIPARTHENOPE